00879nam a2200193 a 450000100060000000300090000600800410001504000280005608200200008411000360010424501040014026000500024430000080029465000640030265001350036694200120050199900170051395201550053013678CO-ViMGA141112s2004 ck r 000 u spa d aCO-ViMGAbspacCO-ViMGA04a338.98612 A574p aGobernacion de Antioquia91995910aPlan de desarrollo de antioquia : bPlan de desarrollo 1983 - 1990, Plan de inversiones 1983 - 1986 aMedellin : bGobernacion de Antioquia, c1983 a34914aANTIOQUIA(COLOMBIA) - Política SOCIAL, 1983 - 199091996014aPROYECTOS DE DESARROLLO ECONOMICO - ANTIOQUIA(COLOMBIA), 1983 - 1990 ANTIOQUIA(COLOMBIA - Política ECONOMICA, 1983 - 1990919961 2ddccBK c24401d24401 00102ddc40708002aMEVIECARbMEVIECARd2015-12-04hVolumen. 1 | 11/jun/2009l0o338.98612 A574p p13678r2015-12-04 00:00:00tEj. 1w2015-12-04yBK